| 000 | 01173nam a2200361Ic 4500 | ||
|---|---|---|---|
| 001 | 57874 | ||
| 003 | CO-BoRNBP | ||
| 005 | 20250808194209.0 | ||
| 007 | ta | ||
| 008 | 141031s9999 xx 000 0 und d | ||
| 020 | _a9789583001802 | ||
| 040 |
_aCO-BoRNBP _bspa _erda _cCO-BoRNBP |
||
| 041 | _aspa | ||
| 082 | 0 | _a530.11 | |
| 082 | 0 | _bL15t | |
| 100 | 1 |
_aLandau, Lev Davidovich _eaut _97239 |
|
| 245 | 1 | 0 |
_aQué es la teoría de la relatividad? : _bI. Landau, Y. Rumer ; ilustrado por Claudia García Ochoa. |
| 250 | _a1a ed, 7a reimpr | ||
| 264 | 1 |
_a[Lugar de publicación no identificado] : _bPanamericana2014, _c2014 |
|
| 264 | 1 |
_aBogotá, Colombia : _bBogotá, _c[Fecha de publicación no identificada] |
|
| 300 | _a81 p | ||
| 300 |
_avolumen : _bilustraciones |
||
| 336 |
_atexto _btxt _2rdacontent |
||
| 337 |
_asin mediación _bn _2rdamedia |
||
| 338 |
_avolumen _bnc _2rdacarrier |
||
| 490 | 0 | _aEnsayo | |
| 650 | 0 | 7 |
_aEnsayos, conferencias, etc _2lemb _942570 |
| 650 | 0 | 7 |
_aMemoria _2LEMB _91063 |
| 650 | 0 | 7 |
_aRelatividad (física) _2lemb _97241 |
| 650 | 0 | 7 |
_aFísica _2LEMB _910460 |
| 700 | 1 |
_aRumer, Yuri \ García Ochoa, Claudia _961924 |
|
| 942 |
_cBK _2ddc |
||
| 999 |
_c57874 _d57874 |
||